<?xml version="1.0" encoding="UTF-8"?><?xml-stylesheet type="text/xsl" href="static/style.xsl"?><OAI-PMH xmlns="http://www.openarchives.org/OAI/2.0/" xmlns:xsi="http://www.w3.org/2001/XMLSchema-instance" xsi:schemaLocation="http://www.openarchives.org/OAI/2.0/ http://www.openarchives.org/OAI/2.0/OAI-PMH.xsd"><responseDate>2026-06-03T11:43:43Z</responseDate><request verb="GetRecord" identifier="oai:riuma.uma.es:10630/38226" metadataPrefix="marc">https://riuma.uma.es/rest/oai/request</request><GetRecord><record><header><identifier>oai:riuma.uma.es:10630/38226</identifier><datestamp>2026-02-03T10:19:55Z</datestamp><setSpec>com_10630_1685</setSpec><setSpec>col_10630_38055</setSpec></header><metadata><record xmlns="http://www.loc.gov/MARC21/slim" xmlns:dcterms="http://purl.org/dc/terms/" xmlns:doc="http://www.lyncode.com/xoai" xmlns:xsi="http://www.w3.org/2001/XMLSchema-instance" xsi:schemaLocation="http://www.loc.gov/MARC21/slim http://www.loc.gov/standards/marcxml/schema/MARC21slim.xsd">
   <leader>00925njm 22002777a 4500</leader>
   <datafield ind2=" " ind1=" " tag="042">
      <subfield code="a">dc</subfield>
   </datafield>
   <datafield ind2=" " ind1=" " tag="720">
      <subfield code="a">Ramet Espinosa, Alejandro</subfield>
      <subfield code="e">author</subfield>
   </datafield>
   <datafield ind2=" " ind1=" " tag="260">
      <subfield code="c">2024</subfield>
   </datafield>
   <datafield ind2=" " ind1=" " tag="520">
      <subfield code="a">TechGreen es una aplicación web que surge de la necesidad de poder administrar&#xd;
de una forma más eficiente diversos aspectos relacionados con el golf,&#xd;
tanto a nivel de jugador, como de gestionar un campo de golf, haciendo uso de las&#xd;
nuevas tecnologías de las que se dispone en la actualidad. En resumen, su finalidad&#xd;
consiste en intentar digitalizar el mundo del golf.&#xd;
Los jugadores tendrán la opción de conectarse como en una red social, donde&#xd;
podrán encontrar a sus amigos o conocer a nuevas personas, con las que disputarán&#xd;
partidos entre ellos en los distintos campos disponibles, quedando registrados&#xd;
los resultados y permitiendo así, ver la evolución a nivel profesional como&#xd;
golfista.&#xd;
Además, los campos de golf también podrán registrarse en la plataforma y&#xd;
darle el uso de un CRM 2, con distintas funcionalidades con las que fomentar las&#xd;
interacciones de los jugadores en la aplicación: desde escribir noticias de interés,&#xd;
crear y dirigir torneos y gestionar todas las partidas que se disputan a lo largo del&#xd;
día en sus propios clubs.&#xd;
La aplicación se ha estructurado en dos componentes distintos: el Frontend y&#xd;
el Backend. Para el Backend, se ha utilizado ASP.NET Core [1], y se eligió MySQL&#xd;
[2] para gestionar la base de datos. Por otro lado, el Frontend se ha desarrollado&#xd;
con Angular [3].</subfield>
   </datafield>
   <datafield ind1="8" ind2=" " tag="024">
      <subfield code="a">https://hdl.handle.net/10630/38226</subfield>
   </datafield>
   <datafield tag="653" ind2=" " ind1=" ">
      <subfield code="a">Aplicaciones informáticas</subfield>
   </datafield>
   <datafield tag="653" ind2=" " ind1=" ">
      <subfield code="a">Informática - Trabajos Fin de Grado</subfield>
   </datafield>
   <datafield tag="653" ind2=" " ind1=" ">
      <subfield code="a">Grado en Ingeniería del Software - Trabajo Fin de Grado</subfield>
   </datafield>
   <datafield ind2="0" ind1="0" tag="245">
      <subfield code="a">Aplicación web para registros de partidas de jugadores de golf.</subfield>
   </datafield>
</record>
</metadata></record></GetRecord></OAI-PMH>